|
|
|
|
| LEADER |
01220nam a2200253 a 4500 |
| 001 |
GR-MES14952 |
| 008 |
040910s2005 mau b 001 b eng d |
| 020 |
|
|
|a 0321278658
|
| 082 |
|
0 |
|a 004
|2 21
|
| 100 |
1 |
|
|a Beck, Kent
|
| 245 |
1 |
0 |
|a Extreme programming explained :
|b Embrace change /
|c Kent Beck with Cynthia Andres.
|
| 250 |
|
|
|a 2nd ed.
|
| 260 |
|
|
|a Boston, MA :
|b Addison-Wesley,
|c 2005
|
| 300 |
|
|
|a xxii, 189 σ. :
|b εικ. ;
|c 24 εκ.
|
| 504 |
|
|
|a Περιλαμβάνει βιβλιογραφία και ευρετήριο.
|
| 650 |
|
0 |
|a Computer software
|x development
|
| 650 |
|
0 |
|a EXtreme programming
|
| 650 |
|
4 |
|a Λογισμικό υπολογιστών
|
| 700 |
1 |
|
|a Andres, Cynthia
|
| 942 |
|
|
|2 ddc
|
| 952 |
|
|
|0 0
|1 0
|2 ddc
|4 0
|6 004_000000000000000_BEC
|7 0
|9 272804
|a MSLG
|b MSLG
|c BSC
|d 2021-01-17
|e 24
|f 0
|g 0.00
|l 0
|o 004 BEC
|p 2420000023603
|r 2021-01-17 00:00:00
|t 1
|w 2021-01-17
|y BK15
|x 20090318 0 ΤΣΑΝΤΑΡΛΙΩΤΗ 1
|x GrPaTEI
|
| 952 |
|
|
|0 0
|1 0
|2 ddc
|4 0
|6 004_000000000000000_BEC
|7 0
|9 272805
|a MSLG
|b MSLG
|c BSC
|d 2021-01-17
|e 24
|f 0
|g 0.00
|l 0
|o 004 BEC
|p 2420000023604
|r 2021-01-17 00:00:00
|t 1
|w 2021-01-17
|y BK15
|x 20090318 0 ΤΣΑΝΤΑΡΛΙΩΤΗ 1
|x GrPaTEI
|
| 971 |
|
|
|a .b25810017
|b 15-04-20
|c 13-09-16
|
| 999 |
|
|
|c 157848
|d 157848
|